01531 2200289 4500001002100000005001500021035002000036007000300056008004100059020001800100082000800118084001400126100003200140245011600172250002000288300002500308700003700333700003100370520067300401600001801074740002401092264003501116336002101151337003001172338002301202990001601225INLIS00000000000177220260622115145 a0010-0626000469ta260622 e 1 ind  a9786022470625 a823 a823 LIN t0 aLindsey, JohannaePengarang1 aTerpikat sang penembak jitu /cJohanna Lindsey ; penerjemah, Elizabeth R. Pabunag ; penyunting, Mehong F. Purba acetakan pertama a408 halaman ;c18 cm0 aElizabeth R. PabunagePenerjemah0 aMehong F. PurbaePengarang aadalah judul terjemahan bahasa Indonesia untuk novel romansa klasik berjudul Tender Is the Storm karya penulis ternama Johanna Lindsey. Buku ini menceritakan kisah Sharisse Hammond, wanita pewaris keras kepala asal New York yang melarikan diri ke Arizona agar tidak dipaksa menikah oleh ayahnya Untuk menghindari sang ayah, ia menyamar menjadi mail-order bride (pengantin pesanan) bagi seorang peternak kasar bernama Lucas Holt. Di luar dugaan, Lucas sebenarnya punya rencana sendiri untuk menjadikan Sharisse sebagai pion demi membalas dendam kepada musuhnya. Namun, rencana balas dendam tersebut berubah berantakan karena tumbuhnya gairah dan cinta di antara mereka 4aFiksi Inggris aTender is the storm aJakarta :bDastan Books,c2012 2rdacontentateks 2rdamediaatanpa perantara 2rdacarrieravolume aSP003152/19